Progress in Hevea nutrition research in Sri Lanka: A retrospective view (Record no. 65897)

MARC details
000 -LEADER
fixed length control field 00349nam a2200109Ia 4500
100 ## - MAIN ENTRY--AUTHOR NAME
Personal name Dharmakeerthi R.S.
245 #0 - TITLE STATEMENT
Title Progress in Hevea nutrition research in Sri Lanka: A retrospective view
260 ## - PUBLICATION, DISTRIBUTION, ETC. (IMPRINT)
Name of publisher Bulletin of the Rubber Research Institute of Sri Lanka
Year of publication 2009
300 ## - PHYSICAL DESCRIPTION
Number of Pages 49-60
942 ## - ADDED ENTRY ELEMENTS (KOHA)
Koha item type Journals
Holdings
Withdrawn status Lost status Damaged status Not for loan Home library Current library Shelving location Date acquired Serial Enumeration / chronology Koha item type
      Journals RRII Library RRII Library Crop management 28/07/2010 Volume 50, Issue .. Journals